000
00301nam a2200133Ia 4500
005
20251222155112.0
008
251222s9999||||xx |||||||||||||| ||spa||
082
_a
MEQ. 63
100
_a
KERR A.
245
0
_a
Enfermería Traumatológica
250
_a
1ra. ed.
264
_b
Alhambra
942
_c
LIB
999
_c
38076
_d
38076